CLIMATE change 2013 the physical science basis: working group 1 contribution to the fifth assessment report of the Intergovernmental Panel on Climate Change

Gardado en:
Detalles Bibliográficos
Formato: Libro
Idioma:inglés
Publicado: Cambridge University Press 2014
Tags: Engadir etiqueta
Sen Etiquetas, Sexa o primeiro en etiquetar este rexistro!

MARC

LEADER 00000nam a22000007a 4500
008 201215b ||||| |||| 00| 0 eng d
020 |a 978-1-107-66182-0 
245 |a CLIMATE change 2013  |b the physical science basis: working group 1 contribution to the fifth assessment report of the Intergovernmental Panel on Climate Change  |c edited by Thomas F. Stocker…[et al.]  |g xi, 153p.; ill. 
250 |c Stocker, Thomas F…[et al.] 
260 |i 685773   |l QC981.8 .C5C61  |m Climatic changes – Government policy  |m Climatic changes – International cooperation  |m Greenhouse gas mitigation  |m Greenhouse gases – Environmental aspects  |b Cambridge University Press  |c 2014  |h  New York 
500 |a “It includes references and index” 
942 |a lcc  |c BK  |e O.A.JOHNSON  |f 15/12/20 
952 |0 0  |1 0  |2 lcc  |4 0  |6 QC09818 C5 C61  |7 0  |9 504  |a HOL  |b HOL  |c QZ  |d 2020-12-15  |l 0  |o QC981.8 .C5C61  |p 2020-2232  |r 2020-12-15 00:00:00  |w 2020-12-15  |y BK 
999 |c 265  |d 265